000 00288nam a2200109Ia 4500
008 190216s9999||||xx |||||||||||||| ||und||
100 _aA Group Of Engineers
245 0 _aAll You Want To Know About Tv&Video
260 _bTech Pubs Pvt Ltd Singapore
650 _aReferences
942 _cREF
999 _c35580
_d35580